MAASAI MARA UNIVERSITY

LIBRARY CATALOGUE

Contact Us: +254 020 2685356/7 or 0774 057787

Box: 861-20500, NAROK, KENYA

Email: info@mmarau.ac.ke

(Record no. 1101)

MARC details
000 -LEADER
fixed length control field 00328nam a2200109Ia 4500
008 - FIXED-LENGTH DATA ELEMENTS--GENERAL INFORMATION
fixed length control field 151015s9999 xx 000 0 und d
050 ## - LIBRARY OF CONGRESS CALL NUMBER
Classification number SD418.3.C354885 1995
250 ## - EDITION STATEMENT
Edition statement _Selecting Tree Species on the Basis of Community Needs
300 ## - PHYSICAL DESCRIPTION
Extent Nairobi FAO 1995
650 ## - SUBJECT ADDED ENTRY--TOPICAL TERM
Topical term or geographic name as entry element _Trees Species
700 ## - ADDED ENTRY--PERSONAL NAME
Personal name ^d20110121 04:24:04^okilerai

No items available.

© 2016 Maasai Mara University.